01348nam a2200361 i 450000500170000000700030001700800410002002000180006104000350007904100130011408400110012710000400013824501670017825000230034526400330036830000410040133600270044233700330046933800280050249000230053052100630055353400290061665000440064565000480068965000370073765000310077465000240080565000410082970000490087070000370091994200150095699900150097120220317002100.0ta201209s2018 ck a br 000 f spa d a9789583056529 aCO-BoRNBPbspaerdacCO-BoRNBP1 aspahger aN PRE11 aPreubler, Otfriedd1923-2013eautor13aEl bandido Hotzenplotzblas alocadas aventuras de Kasper y SeppelcOtfried Preubler ; traducción del alemán Olga Martín Maldonado ; ilustraciones F.J. Tripp aPrimera edición  1aBogotábPanamericanac2018 a124 páginasbilustraciones c22 cm 2rdacontentatextobtxt 2rdamediaasin mediaciónbn 2rdacarrieravolumenbnc0 aLiteratura juvenil aRecomendado para un público infantil mayor de 9 años  tDer räuber Hotzenplotz172LEMBaNovela infantil alemanaySiglo XX172LEMBaLiteratura infantil alemanaySiglo XX172LEMBaAutores alemanesySiglo XX172LEMBaDelincuentesvNovela172LEMBaHurtovNovela172LEMBaAmistad entre niños vNovela1 aMartín Maldonado, Olgaetraductora91647841 aTripp, F.J. eilustrador9164785 2loccBKLIT c9123d9123